[Event "St.Petersburg Summer Open"]
[Site "St Petersburg RUS"]
[Date "2016.08.17"]
[Round "1.24"]
[White "Shadunts, Kirill"]
[Black "Fraiman, Dmitry"]
[Result "0-1"]
[WhiteElo "1824"]
[BlackElo "2241"]
[WhiteFideId "34152781"]
[BlackFideId "34100641"]
[EventDate "2016.08.17"]

1. d4 Nf6 2. c4 g6 3. Nc3 Bg7 4. e4 d6 5. f3 O-O 6. Be3 Nc6 7. Nge2 a6 8. Qd2
Na5 9. Nc1 Nd7 10. Be2 c5 11. Rb1 cxd4 12. Bxd4 Ne5 13. b3 Nac6 14. Be3 f5 15.
Nd3 fxe4 16. Nxe4 Bf5 17. Ng3 Bxd3 18. Bxd3 Rxf3 19. Be4 Rf8 20. Bd5+ Kh8 21.
Ne4 Ng4 22. Ng5 Nxe3 23. Qxe3 Qa5+ 24. Kd1 Qxa2 25. Rc1 Ne5 26. Ne6 Rf2 27. Nxg7
Kxg7 28. h4 Raf8 29. Ke1 Qa5+ 30. Kd1 Qa2 31. Ke1 Qb2 32. Be4 R8f6 33. Rd1 Ng4
34. Qd3 Re6 0-1

[Event "St.Petersburg Summer Open"]
[Site "St Petersburg RUS"]
[Date "2016.08.17"]
[Round "1.25"]
[White "Artamonov, Valery"]
[Black "Averyanov, Grigori"]
[Result "1/2-1/2"]
[WhiteElo "2240"]
[BlackElo "1821"]
[WhiteFideId "24100480"]
[BlackFideId "44150288"]
[EventDate "2016.08.17"]

1. c4 Nf6 2. Nc3 e5 3. g3 g6 4. Bg2 Bg7 5. d3 O-O 6. e4 d6 7. Nge2 Nc6 8. O-O
Nh5 9. Be3 f5 10. exf5 gxf5 11. Qd2 Be6 12. f4 Nf6 13. fxe5 dxe5 14. Rad1 Qd7
15. Bg5 Nd4 16. Bxb7 Rab8 17. Bg2 Nxe2+ 18. Qxe2 h6 19. Be3 c6 20. Bc5 Rfe8 21.
Kh1 Qc7 22. b3 Nd7 23. Bf2 Rbd8 24. Qf3 Rc8 25. Rc1 Nf6 26. Bc5 h5 27. Rfe1 Bh6
28. Rc2 Qg7 29. Rxe5 Nd7 30. d4 Nxe5 31. dxe5 Qxe5 32. Bxa7 Bg7 33. Bf2 Bf7 34.
h4 Bg6 35. b4 Qe6 36. Ne2 Qd6 37. Nf4 Qxb4 38. Rc1 Bf7 39. Nxh5 Qd2 40. Rd1 Bxh5
41. Rxd2 Bxf3 42. Bxf3 Re5 43. Rd6 Ra5 44. Bxc6 Rxa2 45. Kg2 Rxc6 46. Rxc6 Bd4
47. Rd6 Bxf2 1/2-1/2

[Event "St.Petersburg Summer Open"]
[Site "St Petersburg RUS"]
[Date "2016.08.17"]
[Round "1.26"]
[White "Popovich, Alexey"]
[Black "Bondarenko, Ivan"]
[Result "0-1"]
[WhiteElo "1818"]
[BlackElo "2224"]
[WhiteFideId "54177448"]
[BlackFideId "34152153"]
[EventDate "2016.08.17"]

1. e4 c5 2. Nf3 e6 3. d4 cxd4 4. Nxd4 Nf6 5. Nc3 d6 6. Be3 Be7 7. f4 O-O 8. Qf3
e5 9. Nf5 Bxf5 10. exf5 Nbd7 11. Bc4 exf4 12. Bxf4 Ne5 13. Bxe5 dxe5 14. Rd1 Qb6
15. Bb3 Bb4 16. Qf2 Qa5 17. Rd3 e4 18. Rh3 e3 19. Qe2 Bxc3+ 20. bxc3 Qxc3+ 21.
Kf1 Qa1+ 22. Qe1 e2+ 23. Kf2 Qd4+ 0-1

[Event "St.Petersburg Summer Open"]
[Site "St Petersburg RUS"]
[Date "2016.08.17"]
[Round "1.27"]
[White "Turikov, Viktor"]
[Black "Rubtsov, Aleksandr"]
[Result "1-0"]
[WhiteTitle "FM"]
[WhiteElo "2209"]
[BlackElo "1817"]
[WhiteFideId "4107810"]
[BlackFideId "34179272"]
[EventDate "2016.08.17"]

1. e4 e5 2. Bc4 Nf6 3. Nf3 Nc6 4. Ng5 d5 5. exd5 Na5 6. d3 Bd6 7. Nc3 a6 8. Bb3
Nxb3 9. axb3 Bb4 10. O-O Nxd5 11. Qh5 g6 12. Qf3 Nf6 13. Nce4 Be7 14. Nxf6+ Bxf6
15. Ne4 Be7 16. Bh6 f5 17. Nc3 Kf7 18. Rfe1 Bf6 19. Nd5 c6 20. Nxf6 Qxf6 21. Bd2
Re8 22. Bc3 f4 23. h3 Bf5 24. g4 Bd7 25. Re2 Re7 26. Rae1 Rae8 27. Kh2 Re6 28.
b4 R6e7 29. d4 exd4 30. Rxe7+ Rxe7 31. Rxe7+ Kxe7 32. Qe4+ Be6 33. Bxd4 Qf7 34.
Bc5+ Kd7 35. Qe5 Kc8 36. Ba7 b5 37. Qb8+ Kd7 38. Qb7+ Kd6 39. Bb8+ Kd5 40. Qb6
Qe7 41. Bxf4 Qxb4 42. Qd8+ Ke4 43. Qd3+ Kxf4 44. Qe3# 1-0

[Event "St.Petersburg Summer Open"]
[Site "St Petersburg RUS"]
[Date "2016.08.17"]
[Round "1.28"]
[White "Israyelyan, Eduard"]
[Black "Gnidenko, Andrey"]
[Result "0-1"]
[WhiteElo "1808"]
[BlackElo "2204"]
[WhiteFideId "13310550"]
[BlackFideId "4199570"]
[EventDate "2016.08.17"]

1. e4 Nf6 2. e5 Nd5 3. d4 d6 4. Nf3 g6 5. Bd3 Bg7 6. h3 O-O 7. O-O Nc6 8. exd6
cxd6 9. c3 Rb8 10. Re1 Qc7 11. Qe2 a6 12. Be4 Nf6 13. Bd3 Re8 14. a4 e5 15. dxe5
dxe5 16. Nbd2 Be6 17. Ng5 Bd5 18. Nde4 Nh5 19. Bc4 Nd4 20. cxd4 Bxc4 21. Qc2
exd4 22. Bd2 Qc6 23. Rac1 Bd5 24. Qd1 Qb6 25. b4 h6 26. Nc5 hxg5 27. Nd7 Qd6 28.
Nxb8 Rxb8 29. Qg4 Nf4 30. Qg3 Bc6 31. Rc5 d3 32. Kh2 Qd7 33. Rxg5 Rd8 34. Qxf4
Bxa4 35. Rg3 Bc6 36. Ree3 Bb5 37. Qh4 Qd5 38. Qe4 Qb3 39. Qe7 Rf8 40. Qxb7 Qc2
41. Be1 d2 42. Bxd2 Qxd2 43. Qf3 Qxb4 44. Rg4 Qd6+ 45. g3 Qd2 0-1

[Event "St.Petersburg Summer Open"]
[Site "St Petersburg RUS"]
[Date "2016.08.17"]
[Round "1.29"]
[White "Pyatin, Alexander"]
[Black "Lyazhkov, Sergey"]
[Result "1-0"]
[WhiteElo "2204"]
[BlackElo "1799"]
[WhiteFideId "24125920"]
[BlackFideId "34132624"]
[EventDate "2016.08.17"]

1. e4 c5 2. Ne2 d6 3. d4 cxd4 4. Nxd4 Nf6 5. Nc3 g6 6. g3 Bg7 7. Bg2 O-O 8. O-O
Nc6 9. Nde2 Be6 10. Rb1 a5 11. b3 Rc8 12. Bb2 Na7 13. Nd4 Bd7 14. a4 Nc6 15.
Ncb5 Nxd4 16. Nxd4 Bc6 17. Re1 Qc7 18. c4 Nd7 19. Qd2 Nc5 20. Bc3 b6 21. Qc2 e5
22. Nxc6 Qxc6 23. Rbd1 Rfd8 24. Rd5 Nb7 25. Red1 Qc7 26. h4 h5 27. Qb2 Re8 28.
f4 Rcd8 29. f5 Kh7 30. Qe2 Nc5 31. Rb1 Qe7 32. Bd2 Bh6 33. Be1 Qd7 34. Bh3 Qe7
35. Qf3 Bg7 36. Bd2 Bf6 37. Qe3 Bg7 38. Rf1 Nd7 39. Qd3 Nc5 40. Qf3 Nd7 41. Bg5
Bf6 42. fxg6+ Kxg6 43. Bxd7 1-0

[Event "St.Petersburg Summer Open"]
[Site "St Petersburg RUS"]
[Date "2016.08.17"]
[Round "1.30"]
[White "Delevic, Nina"]
[Black "Kolomensky, Vladimir"]
[Result "0-1"]
[BlackTitle "FM"]
[WhiteElo "1776"]
[BlackElo "2196"]
[WhiteFideId "939650"]
[BlackFideId "4123565"]
[EventDate "2016.08.17"]

1. d4 Nf6 2. c4 e6 3. Nf3 Bb4+ 4. Bd2 Qe7 5. Nc3 O-O 6. g3 Nc6 7. Bg2 Bxc3 8.
Bxc3 Ne4 9. O-O Nxc3 10. bxc3 d6 11. Re1 e5 12. e4 Bg4 13. Qd3 Bxf3 14. Bxf3 Qf6
15. Rad1 exd4 16. cxd4 Nxd4 17. Qxd4 Qxf3 18. Re3 Qg4 19. Kg2 Rfe8 20. h3 Qe6
21. f4 a6 22. a4 b6 23. e5 dxe5 24. Rxe5 Qc6+ 25. Qd5 Qxa4 26. Rd2 g6 27. c5
bxc5 28. Qxc5 Rxe5 29. fxe5 Qe4+ 30. Kh2 Re8 31. Qxc7 Qxe5 32. Qb6 Re6 33. Qb4
Kg7 34. h4 h5 35. Ra2 Rc6 36. Qb7 Rc3 37. Qg2 a5 38. Re2 Qc7 39. Qf2 Qc5 40. Qg2
a4 41. Ra2 a3 42. Qd2 Qe5 43. Qf2 Rb3 44. Re2 Qxe2 0-1

[Event "St.Petersburg Summer Open"]
[Site "St Petersburg RUS"]
[Date "2016.08.17"]
[Round "1.31"]
[White "Markevich, Ilya"]
[Black "Glazov, Anatoly"]
[Result "1-0"]
[WhiteElo "2195"]
[BlackElo "1766"]
[WhiteFideId "24114839"]
[BlackFideId "4192281"]
[EventDate "2016.08.17"]

1. e4 c5 2. Nf3 e6 3. Nc3 d5 4. exd5 exd5 5. d4 Nf6 6. Bg5 Be6 7. Bb5+ Nc6 8.
O-O a6 9. Bxc6+ bxc6 10. Ne5 Qc7 11. f4 cxd4 12. Qxd4 Bd6 13. Rae1 O-O 14. Kh1
c5 15. Qd3 d4 16. Bxf6 gxf6 17. Ne4 f5 18. Nf6+ Kh8 19. Qh3 Kg7 20. Qg3+ Kh8 21.
Qh4 1-0

[Event "St.Petersburg Summer Open"]
[Site "St Petersburg RUS"]
[Date "2016.08.17"]
[Round "1.32"]
[White "Kuzmishin, Leonid"]
[Black "Fridman, Anatoly"]
[Result "1/2-1/2"]
[WhiteElo "1762"]
[BlackElo "2191"]
[WhiteFideId "34136387"]
[BlackFideId "24166952"]
[EventDate "2016.08.17"]

1. d4 Nf6 2. Nf3 g6 3. g3 Bg7 4. Bg2 O-O 5. O-O d5 6. c4 c6 7. Nc3 dxc4 8. a4
Qa5 9. e4 Rd8 10. Qe2 Be6 11. Be3 h6 12. Ne5 Qb4 13. a5 Ne8 14. Ra4 Qd6 15. Nxc4
Bxc4 16. Qxc4 Na6 17. e5 Qd7 18. f4 Nec7 19. Be4 Nd5 20. Bd2 Rac8 21. f5 g5 22.
f6 exf6 23. Bf5 Qe7 24. Bxc8 Nxc3 25. Bxc3 Rxc8 26. Raa1 Nc7 27. Rae1 fxe5 28.
dxe5 Ne6 29. Rf2 Rc7 30. Rd2 Rd7 31. Bb4 c5 32. Bc3 b6 33. a6 Rxd2 34. Bxd2 Qd7
35. Bc3 b5 36. Qe4 b4 37. Qb7 Qc7 38. Bd2 Bxe5 39. Qa8+ Kg7 40. Qd5 Bxb2 41. Be3
Bd4 42. Qb7 Qe5 43. Bxd4 Qxd4+ 44. Kh1 Qc3 45. Rf1 Nd8 46. Qxa7 Qd3 47. Kg1 Qd4+
48. Kh1 Qd5+ 49. Kg1 Qd4+ 50. Kh1 Qd5+ 51. Kg1 Qd4+ 52. Kh1 1/2-1/2

[Event "St.Petersburg Summer Open"]
[Site "St Petersburg RUS"]
[Date "2016.08.17"]
[Round "1.33"]
[White "Lagashin, Pavel"]
[Black "Stroganov, Anatoly"]
[Result "1-0"]
[WhiteElo "2186"]
[BlackElo "1762"]
[WhiteFideId "24132144"]
[BlackFideId "4178955"]
[EventDate "2016.08.17"]

1. c4 Nf6 2. Nc3 e6 3. e4 Bb4 4. e5 Ng8 5. Qg4 Bf8 6. d4 Nc6 7. Be3 d6 8. f4 Nh6
9. Qd1 Nf5 10. Bf2 dxe5 11. dxe5 Qxd1+ 12. Rxd1 Bb4 13. g4 Nfe7 14. Bg2 Bd7 15.
Ne2 O-O-O 16. Kd2 Nxe5 17. fxe5 Bc6+ 18. Kc2 Bxg2 19. Rxd8+ Rxd8 20. Rg1 Bxc3
21. Nxc3 Bc6 22. b4 Ng6 23. Bg3 Rd4 24. b5 Be8 25. h3 Rxc4 26. Kd3 Rb4 27. a4
Nf4+ 28. Bxf4 Rxf4 29. Ke3 Rb4 30. Ra1 c6 31. Ne4 cxb5 32. Nd6+ Kd8 33. axb5
Bxb5 34. Rxa7 Bc6 35. Ra8+ Ke7 36. Rg8 Rb3+ 37. Kd4 Rxh3 38. Rxg7 Be8 39. Rg8
Bc6 40. g5 Rh4+ 41. Kc5 Ra4 42. Nc8+ Kd7 43. Nb6+ Ke7 44. Nxa4 Bxa4 45. Rb8 Bc6
46. Kd4 Bf3 47. Rh8 Bh5 48. Rxh7 Bg6 49. Rh2 Kd7 50. Rb2 Kc6 51. Rb3 b6 52. Rf3
Kb5 53. Rc3 Kb4 54. Rc4+ Kb3 55. Rc6 b5 56. Kc5 Kc3 57. Rb6 Kd3 58. Rxb5 Ke4 59.
Kd6 Kf5 60. Rb2 Kxg5 1-0

[Event "St.Petersburg Summer Open"]
[Site "St Petersburg RUS"]
[Date "2016.08.17"]
[Round "1.34"]
[White "Trushnikov, Viacheslav"]
[Black "Puraev, Artemiy"]
[Result "0-1"]
[WhiteElo "1758"]
[BlackElo "2179"]
[WhiteFideId "24115185"]
[BlackFideId "24147869"]
[EventDate "2016.08.17"]

1. Nf3 d5 2. b3 Nf6 3. Bb2 g6 4. e3 Bg7 5. c4 c6 6. Nc3 O-O 7. d4 Ne4 8. Nxe4
dxe4 9. Nd2 f5 10. Qc2 Nd7 11. Be2 e5 12. dxe5 Nxe5 13. O-O Qe7 14. Rfd1 Be6 15.
Bd4 c5 16. Bxe5 Bxe5 17. Rac1 g5 18. f3 exf3 19. Bxf3 f4 20. Qe4 Qf6 21. exf4
Bxf4 22. Kh1 g4 23. Be2 Rae8 24. Bd3 Qh6 25. Qxb7 g3 26. h3 Bxh3 27. Qxh7+ Qxh7
28. Bxh7+ Kxh7 29. gxh3 Re2 0-1

[Event "St.Petersburg Summer Open"]
[Site "St Petersburg RUS"]
[Date "2016.08.17"]
[Round "1.35"]
[White "Pogosian, Vladimir"]
[Black "Yun, Vyacheslav"]
[Result "1-0"]
[WhiteElo "2178"]
[BlackElo "1750"]
[WhiteFideId "13301586"]
[BlackFideId "34126667"]
[EventDate "2016.08.17"]

1. f4 e5 2. fxe5 d6 3. exd6 Bxd6 4. Nf3 Bg4 5. e4 Nf6 6. Bb5+ Nc6 7. Nc3 O-O 8.
Bxc6 bxc6 9. O-O Re8 10. d3 h6 11. Ne2 Rb8 12. Rb1 Bc5+ 13. Kh1 Bxf3 14. gxf3
Qd7 15. Qe1 Re5 16. Ng3 Qh3 17. Bf4 Ree8 18. Qd2 Nh5 19. Nxh5 Qxh5 20. Bxc7 Rb7
21. Bf4 Re6 22. d4 Rd7 23. c3 Be7 24. Qf2 Rg6 25. Rg1 Bh4 26. Bg3 Bxg3 27. Rxg3
Qh4 28. Qg2 Rdd6 29. Rg1 Qf4 30. e5 Rde6 31. Qe2 Rxg3 32. hxg3 Qf5 33. Kg2 c5
34. Rc1 h5 35. Qe4 Qg5 36. f4 Qd8 37. f5 Rb6 38. b3 Ra6 39. Rc2 Qc8 40. d5 Qb7
41. e6 fxe6 42. fxe6 Qe7 43. Rf2 Rd6 44. c4 Ra6 45. Qh4 Qe8 46. Qf4 Qe7 47. Kh3
g5 48. Qb8+ 1-0

[Event "St.Petersburg Summer Open"]
[Site "St Petersburg RUS"]
[Date "2016.08.17"]
[Round "1.36"]
[White "Klinkov, Evgeny"]
[Black "Nordquelle, Daniel"]
[Result "0-1"]
[WhiteElo "1738"]
[BlackElo "2176"]
[WhiteFideId "24223433"]
[BlackFideId "1519042"]
[EventDate "2016.08.17"]

1. d4 Nf6 2. c4 c5 3. d5 e6 4. Nc3 exd5 5. cxd5 d6 6. e4 g6 7. Bb5+ Nfd7 8. a4
Bg7 9. Nf3 O-O 10. O-O Ne5 11. Nxe5 Bxe5 12. Be3 f5 13. exf5 gxf5 14. f4 Bg7 15.
Rf3 Nd7 16. Bxd7 Bxd7 17. Qc2 a6 18. a5 Rb8 19. Bf2 b5 20. Rh3 b4 21. Nd1 Qf6
22. Rb1 Rfe8 23. Re3 Bb5 24. Qd2 Re4 25. Rxe4 fxe4 26. b3 Bd3 27. Rc1 Rb5 28. g4
Rxa5 29. g5 Qf5 30. Ne3 Qxf4 31. Bg3 Qg4 32. Kh1 Bd4 33. Bf2 Qf4 34. Rg1 Kh8 35.
Rg3 Bc3 0-1

[Event "St.Petersburg Summer Open"]
[Site "St Petersburg RUS"]
[Date "2016.08.17"]
[Round "1.37"]
[White "Khadzhiev, Valery"]
[Black "Romanov, Aleksandr"]
[Result "1-0"]
[WhiteElo "2174"]
[BlackElo "1722"]
[WhiteFideId "34154601"]
[BlackFideId "54111722"]
[EventDate "2016.08.17"]

1. c4 Nf6 2. Nf3 g6 3. Nc3 Bg7 4. e4 Nc6 5. d4 O-O 6. d5 Nb8 7. Be3 d6 8. Qd2
Re8 9. O-O-O Ng4 10. Bg5 Nd7 11. Nd4 Nc5 12. f3 Ne5 13. Kb1 c6 14. Bh6 Bh8 15.
h4 b5 16. Nxc6 Nxc6 17. dxc6 bxc4 18. Bxc4 Rb8 19. Rc1 Qa5 20. Nd1 Qa3 21. h5
Na4 22. hxg6 hxg6 23. Bb3 Rxb3 24. axb3 Qxb3 25. Qc2 Qb5 26. Bd2 Be6 27. Rxh8+
Kxh8 28. Nc3 Nxc3+ 29. Qxc3+ f6 30. c7 Qa4 31. Qa3 Qd4 32. Qe3 Qxe3 33. Bxe3 a6
34. Rc6 Rc8 35. Bb6 Kg7 36. Ba5 Ra8 37. Rb6 Kh6 38. Rb8 Ra7 39. Bb6 Rxc7 40.
Bxc7 d5 41. Kc2 Kg5 42. Kd2 1-0

[Event "St.Petersburg Summer Open"]
[Site "St Petersburg RUS"]
[Date "2016.08.17"]
[Round "1.38"]
[White "Afanasiev, Nikita A."]
[Black "Pischikov, Vadim"]
[Result "0-1"]
[WhiteElo "1716"]
[BlackElo "2162"]
[WhiteFideId "44148089"]
[BlackFideId "4100280"]
[EventDate "2016.08.17"]

1. c4 e5 2. Nc3 Bb4 3. Nf3 Bxc3 4. bxc3 e4 5. Nd4 d6 6. d3 Qe7 7. dxe4 Qxe4 8.
Bg5 h6 9. f3 Qe5 10. Bh4 Nf6 11. Nb5 Na6 12. Bg3 Qc5 13. Bf2 Qxc4 14. e4 Qe6 15.
Nd4 Qe7 16. Bb5+ Bd7 17. Nf5 Qf8 18. a4 Bxb5 19. axb5 Nc5 20. Bd4 Ncd7 21. b6 g6
22. Rxa7 Rc8 23. Ne3 Qe7 24. Rxb7 O-O 25. O-O Qe6 26. bxc7 Rfe8 27. Bxf6 Nxf6
28. Nd5 Nxd5 29. Qxd5 Qd7 30. Rd1 Rxc7 31. Rxc7 Qxc7 32. Qxd6 Qxc3 33. Qd4 Qc2
34. Qd2 Qb3 35. Qd3 Qb6+ 36. Qd4 Qa6 37. Qd3 Qf6 38. Qd4 Qh4 39. g3 Qh5 40. Kg2
Rb8 41. Qd5 Rb2+ 42. Rd2 Qxd5 43. Rxb2 Qe5 44. Re2 Qb5 45. Re1 h5 46. h4 Kf8 47.
Re2 Ke7 48. Rd2 Ke6 49. Rf2 Qb4 50. Re2 Ke5 51. Rc2 Kd4 52. Re2 Kd3 53. Rf2 Ke3
54. Rf1 Qd2+ 55. Kh1 Qa2 56. e5 Qb2 57. e6 fxe6 58. f4 Qa2 59. f5 gxf5 60. g4
hxg4 61. Rg1 Kf3 62. h5 Qf2 0-1

[Event "St.Petersburg Summer Open"]
[Site "St Petersburg RUS"]
[Date "2016.08.17"]
[Round "1.39"]
[White "Manin, Viktor"]
[Black "Zakharov, Yuri"]
[Result "1-0"]
[WhiteElo "2159"]
[BlackElo "1703"]
[WhiteFideId "14201291"]
[BlackFideId "4166620"]
[EventDate "2016.08.17"]

1. Nf3 Nf6 2. c4 g6 3. d4 Bg7 4. Nc3 d6 5. g3 O-O 6. Bg2 Nbd7 7. O-O e5 8. e4 c6
9. b3 Qa5 10. Bb2 Re8 11. Qc2 Nf8 12. Rad1 Bg4 13. d5 c5 14. h3 Bd7 15. Nd2 Nh5
16. Ne2 Qc7 17. Kh2 f5 18. exf5 Bxf5 19. Be4 Bc8 20. f4 exf4 21. Nxf4 Nxf4 22.
Rxf4 Bxb2 23. Qxb2 Bf5 24. Rdf1 Re5 25. Bxf5 gxf5 26. Nf3 Re4 27. Nh4 Rae8 28.
Rxe4 fxe4 29. Nf5 Re5 30. Nh6+ Kg7 31. Qf2 Ng6 32. Ng4 Qe7 33. Nxe5 Nxe5 34. Qf5
e3 35. Re1 Ng6 36. Qf3 1-0

[Event "St.Petersburg Summer Open"]
[Site "St Petersburg RUS"]
[Date "2016.08.17"]
[Round "1.40"]
[White "Kuizhev, Adam"]
[Black "Grigoryeva, Olga A."]
[Result "0-1"]
[BlackTitle "WFM"]
[WhiteElo "1700"]
[BlackElo "2156"]
[WhiteFideId "44166265"]
[BlackFideId "24132594"]
[EventDate "2016.08.17"]

1. e4 c5 2. Nf3 Nc6 3. d4 cxd4 4. Nxd4 e5 5. Nb5 d6 6. N1c3 a6 7. Na3 b5 8. Nd5
Nce7 9. Nxe7 Bxe7 10. c4 bxc4 11. Nxc4 Nf6 12. Be3 Rb8 13. f3 O-O 14. Be2 d5 15.
exd5 Nxd5 16. Bf2 Bb4+ 17. Kf1 Re8 18. a3 Bf8 19. Qc2 Nf4 20. Be3 Nxe2 21. Qxe2
e4 22. f4 Be6 23. Kf2 Bxc4 24. Qxc4 Rxb2+ 25. Kg3 Qf6 26. Qd5 Bd6 27. h4 h6 28.
h5 Rb5 29. Qd2 Rd8 30. Qc1 Rb3 31. Rf1 Be7 32. Kh2 Rdd3 33. Bf2 e3 34. Be1 e2
35. Rh1 Qf5 36. Bf2 Qxh5+ 37. Kg1 Rd1+ 38. Qxd1 exd1=Q+ 39. Rxd1 Qxd1+ 40. Kh2
Qh5+ 41. Kg1 Rb1+ 42. Be1 Bc5+ 43. Kf1 Qxh1+ 44. Ke2 Qxe1+ 45. Kd3 Qe3+ 46. Kc4
Qd4# 0-1

[Event "St.Petersburg Summer Open"]
[Site "St Petersburg RUS"]
[Date "2016.08.17"]
[Round "1.41"]
[White "Zaykov, Sergey"]
[Black "Kuznetsov, Mikhail"]
[Result "0-1"]
[WhiteElo "2156"]
[BlackElo "1699"]
[WhiteFideId "4143906"]
[BlackFideId "54126738"]
[EventDate "2016.08.17"]

1. Nf3 Nf6 2. c4 c5 3. g3 g6 4. Bg2 Bg7 5. d4 d6 6. Nc3 Nc6 7. d5 Na5 8. e4 O-O
9. Qd3 Qd7 10. O-O b6 11. Bg5 h6 12. Bd2 Ba6 13. b3 Qc7 14. Nh4 Rab8 15. Rae1
Nd7 16. f4 b5 17. Nxb5 Bxb5 18. cxb5 c4 19. bxc4 Qxc4 20. Qa3 Qxb5 21. Bxa5 Bb2
22. Qf3 Qxa5 23. e5 dxe5 24. Nxg6 fxg6 25. Qg4 Qc5+ 26. Kh1 Qd6 27. Be4 Kg7 28.
f5 g5 29. f6+ Rxf6 30. h4 Nf8 31. hxg5 hxg5 32. Qxg5+ Ng6 33. Rxf6 Qxf6 34. Qd2 0-1

[Event "St.Petersburg Summer Open"]
[Site "St Petersburg RUS"]
[Date "2016.08.17"]
[Round "1.42"]
[White "Timirev, Sergey"]
[Black "Dragun, Valentin"]
[Result "0-1"]
[WhiteElo "1693"]
[BlackElo "2151"]
[WhiteFideId "24181676"]
[BlackFideId "4502540"]
[EventDate "2016.08.17"]

1. d4 Nf6 2. Nf3 g6 3. c4 Bg7 4. Nc3 O-O 5. e4 d6 6. Be2 e5 7. dxe5 dxe5 8. Bg5
Nbd7 9. O-O h6 10. Be3 Ng4 11. Bd2 c6 12. b4 Qe7 13. Qb3 Rd8 14. h3 Ngf6 15. Be3
Nf8 16. c5 Nh5 17. Rfd1 Be6 18. Bc4 Qf6 19. Bxe6 Nxe6 20. Rxd8+ Rxd8 21. Rd1
Nhf4 22. Rxd8+ Qxd8 23. b5 Nd4 24. Nxd4 exd4 25. Bxf4 dxc3 26. bxc6 bxc6 27. Bd6
Qg5 28. e5 Qc1+ 29. Kh2 c2 30. e6 fxe6 31. Qxe6+ Kh7 32. Qc4 Qd2 33. Bf4 Qxf2
34. a4 Kh8 35. Bg3 Qd2 36. Bf4 Qc3 37. Qxc3 Bxc3 38. Bc1 Bf6 0-1

[Event "St.Petersburg Summer Open"]
[Site "St Petersburg RUS"]
[Date "2016.08.17"]
[Round "1.43"]
[White "Kuznetsov, Felix"]
[Black "Pitkanen, Juhani"]
[Result "1-0"]
[WhiteElo "2150"]
[BlackElo "1676"]
[WhiteFideId "34147990"]
[BlackFideId "504432"]
[EventDate "2016.08.17"]

1. e4 c5 2. Nf3 e6 3. d4 cxd4 4. Nxd4 a6 5. Bd3 Bc5 6. Nb3 Be7 7. c4 d6 8. Nc3
Nd7 9. Be3 Ngf6 10. O-O b6 11. a4 Nc5 12. a5 Nfd7 13. axb6 Nxb6 14. Na5 Qc7 15.
Be2 O-O 16. b4 Nb7 17. Qb3 Nd7 18. f4 Nxa5 19. Rxa5 Bb7 20. Raa1 Rfc8 21. Rac1
Nf6 22. Qb1 Qb8 23. h3 Bc6 24. Bd3 g6 25. f5 Be8 26. Qb2 Nd7 27. fxe6 fxe6 28.
Bd4 Ne5 29. Bxe5 dxe5 30. b5 Bc5+ 31. Kh1 Bd4 32. Qb3 Qd6 33. Na4 Rab8 34. c5
Bxc5 35. Nxc5 Rxc5 36. Rxc5 Qxc5 37. Qxe6+ Kg7 38. Qf6+ Kh6 39. bxa6 Bb5 40.
Bxb5 Rxb5 41. Rd1 Qa7 42. Qf8+ Kg5 43. Ra1 Rb8 44. Qd6 Re8 45. Ra3 Kh6 46. Kh2
Qf7 47. Qd2+ Kg7 48. Ra5 Qe7 49. Qc3 Qd6 50. a7 Ra8 51. Qc4 Qe7 52. Qa2 Qf6 53.
Qd2 Qe7 54. Qe3 Qf6 55. Kg1 Qe7 56. Qb6 Qg5 57. Ra1 Qe7 58. Qb8 Qc5+ 59. Kh2 Qc6
60. Qxe5+ 1-0

[Event "St.Petersburg Summer Open"]
[Site "St Petersburg RUS"]
[Date "2016.08.17"]
[Round "1.44"]
[White "Srinidhi, S"]
[Black "Nasybullina, Alfia"]
[Result "0-1"]
[BlackTitle "WFM"]
[WhiteElo "1667"]
[BlackElo "2141"]
[WhiteFideId "5053897"]
[BlackFideId "4132416"]
[EventDate "2016.08.17"]

1. e4 c5 2. Nf3 e6 3. d4 cxd4 4. Nxd4 a6 5. Be2 Nf6 6. Bg5 Qa5+ 7. Qd2 Bb4 8. c3
Be7 9. Bxf6 Bxf6 10. O-O Nc6 11. Nxc6 dxc6 12. Qc2 O-O 13. Nd2 e5 14. a4 Qc7 15.
b4 a5 16. Nf3 g6 17. Qc1 Qe7 18. b5 cxb5 19. Bxb5 Be6 20. Qe3 Rac8 21. Rfc1 Rc5
22. Rab1 Rfc8 23. h3 Qc7 24. Be2 Be7 25. Rb5 Bd7 26. Rxc5 Bxc5 27. Qg5 Qb6 28.
Qh4 f6 29. Bb5 Bxb5 30. axb5 Rd8 31. c4 a4 32. Ne1 Rd2 33. Rc2 Bxf2+ 34. Qxf2
Qxf2+ 0-1

[Event "St.Petersburg Summer Open"]
[Site "St Petersburg RUS"]
[Date "2016.08.17"]
[Round "1.45"]
[White "Vunder, Andrey"]
[Black "Divaev, Vadim"]
[Result "1-0"]
[WhiteElo "2138"]
[BlackElo "1664"]
[WhiteFideId "4128338"]
[BlackFideId "24238724"]
[EventDate "2016.08.17"]

1. d4 Nf6 2. Bf4 c5 3. e3 d5 4. c3 Nc6 5. Nd2 e6 6. Ngf3 Bd6 7. Bg3 O-O 8. Bd3
b6 9. Ne5 Bb7 10. O-O Qc7 11. f4 a6 12. Bh4 Be7 13. Qf3 Nd7 14. Qh3 f5 15. g4 g6
16. gxf5 exf5 17. Rf2 Nf6 18. Ndf3 Rae8 19. Rg2 Nxe5 20. Nxe5 Ng4 21. Nxg4 fxg4
22. Qxg4 Bxh4 23. Qxh4 Qe7 24. Qxe7 Rxe7 25. Kf2 Rf6 26. Rg5 Kf7 27. Re5 cxd4
28. cxd4 Rc7 29. Ke2 h6 30. h4 Rd6 31. Kd2 Rf6 32. Rg1 Rc8 33. f5 gxf5 34. Rxf5
Rd8 35. Rxf6+ Kxf6 36. Rg6+ 1-0

[Event "St.Petersburg Summer Open"]
[Site "St Petersburg RUS"]
[Date "2016.08.17"]
[Round "1.46"]
[White "Mestnikov, Aidin"]
[Black "Azimov, Ilyas"]
[Result "0-1"]
[WhiteElo "1649"]
[BlackElo "2136"]
[WhiteFideId "34160210"]
[BlackFideId "24175226"]
[EventDate "2016.08.17"]

1. d4 d5 2. Nf3 Nf6 3. Bf4 Bf5 4. e3 h6 5. Bd3 e6 6. c3 Be7 7. Qc2 Bxd3 8. Qxd3
O-O 9. O-O c5 10. Nbd2 Nc6 11. Ne5 c4 12. Qe2 Nxe5 13. Bxe5 b5 14. Bf4 b4 15.
Qf3 Qa5 16. e4 bxc3 17. bxc3 dxe4 18. Nxe4 Nxe4 19. Qxe4 Qxc3 20. d5 Qd3 21.
Qxd3 cxd3 22. d6 Bf6 23. Rad1 e5 24. Bg3 e4 25. Rfe1 Rfe8 26. f3 Bd4+ 27. Kf1 f5
28. d7 Rf8 29. Bd6 Rf7 30. Rxd3 exd3 31. Re8+ Kh7 32. d8=Q Rxd8 33. Rxd8 Rb7 34.
Rb8 Rd7 35. Bf4 Be5 36. Rb1 Bxf4 37. Rd1 Bxh2 38. Kf2 f4 0-1

[Event "St.Petersburg Summer Open"]
[Site "St Petersburg RUS"]
[Date "2016.08.17"]
[Round "1.47"]
[White "Grigoriev, Semyon"]
[Black "Dubrovskiy, Vladimir"]
[Result "1-0"]
[WhiteElo "2132"]
[BlackElo "1647"]
[WhiteFideId "24111694"]
[BlackFideId "44185316"]
[EventDate "2016.08.17"]

1. d4 Nf6 2. Nf3 e6 3. c4 Bb4+ 4. Bd2 Qe7 5. g3 b6 6. Bg2 Bb7 7. O-O O-O 8. Bg5
h6 9. Bxf6 Qxf6 10. Qc2 Be7 11. Ng5 hxg5 12. Bxb7 Nc6 13. Bxa8 Nxd4 14. Qe4 1-0